15 Largest Cities in Uzbekistan🇺🇿 - Statistics

General Stats
  • This quiz has been taken 59 times
  • The average score is 6 of 15
Answer Stats
Population City % Correct
1.9 mil Tashkent
100%
319k Samarkand
76%
247k Bukhara
68%
432k Namangan
56%
230k Nukus
52%
164k Fergana
48%
318k Andijon
36%
129k Navoiy
28%
187k Qo'qon
28%
222k Qarshi
24%
150k Urganch
20%
167k Chirchiq
12%
133k Marg'ilon
12%
140k Tirmiz
8%
152k Jizzax
4%
No matching quizzes found
Score Distribution
Percent of People with Each Score
Percentile by Number Answered
Your Score History
You have not taken this quiz